Word War 1 Deaths - Statistics

General Stats
  • This quiz has been taken 26 times
  • The average score is 5 of 8
Answer Stats
Rank Percentage Total deaths Answer % Correct
7 4% 2,081,200 Austria-Hungary
100%
6 4.3% 2,800,720 Germany
100%
5 4.4% 1,697,000 France
96%
8 3.4% 187,500 Bulgaria
58%
3 15.4% 3,271,844 Ottoman Empire
58%
4 8.9% 665,706 Romania
58%
1 27.8% 1,250,000 Serbia
54%
2 19% 1,980,700 Persia
17%
No matching quizzes found
Score Distribution
Percent of People with Each Score
Percentile by Number Answered
Your Score History
You have not taken this quiz